| 000 | 02768nam0a2200349 4500 | ||
|---|---|---|---|
| 001 | RU\NLR\BIBL_A\012852355 | ||
| 005 | 20220912161635.0 | ||
| 010 |
_a978-5-17-134409-2 _93000 |
||
| 021 |
_aRU _bКН-П-22-029935 _9КН-П-22-2553 |
||
| 035 | _a(NLR Aleph) 012852355 | ||
| 035 | _a(RuMoRGB)011066818 | ||
| 090 |
_a12431359 _c12431359 |
||
| 100 | _a20220722d2022 u y0rusy50 ca | ||
| 101 | 1 |
_arus _ceng |
|
| 102 | _aRU | ||
| 105 | _ay|||z||||||a| | ||
| 181 | 1 |
_ai _baxxe |
|
| 182 | 1 | _an | |
| 200 | 1 |
_aНа острие ножа _e[роман] _fСаймон Майо _gперевод с английского А. Ерыкалина |
|
| 203 |
_aТекст _bвизуальный _cнепосредственный |
||
| 210 |
_aМосква _cАСТ _d2022 |
||
| 215 |
_a351 с. _d21 |
||
| 225 | 1 | _aСерия "Neoclassic: Триллер" | |
| 330 | _aЛондонский час пик становится смертельным для семи пассажиров: женщина зарезана на рыночной площади у вокзала Юстон, мужчине нанесен смертельный удар на ступенях метро, а другого поджидали на пороге дома... Всего семь человек. Семь убийств. Для Фэйми Мэдлен - опытной журналистки агентства "АйПиСи" - эта страшная новость могла бы стать главным информационным поводом дня и захватывающей работой. Но все меняется, когда она понимает, что объединяет жертв. Каждого из них она знала лично. Эти люди - ее коллеги, журналисты из отдела расследований. Никто не может даже предположить, почему они стали мишенью для нападения. Над чем они работали, что их ждала такая страшная смерть? Странно и то, что на их столах и в их компьютерах не осталось никаких подсказок. Вскоре Фэйми начинает получать загадочные сообщения, и ей предстоит выяснить, предупреждают ли ее о следующем нападении | ||
| 333 | _a16+ | ||
| 686 | 1 | _aШ6(4Вл)67-446{Лх1299-60} | |
| 700 | 1 |
_7ca _8rus _aМайо _bС. _f1958- _gСаймон _9246241 _3RU\NLR\AUTH\770246297 |
|
| 942 | _cBOOK | ||
| 980 | _aNB | ||